00254nam a2200097Ia 4500001000800000005001700008008004100025020001800066245005300084260001900137127740720260417160506.0260417s9999 xx 000 0 und d a9772149467966 0aİlham Kutusu Vecihi HürkuşcBeliz Yüksel bKetebe Çocuk